[Event "RUS-chT2"]
[Site "Sochi"]
[Date "2022.05.01"]
[Round "1.2"]
[White "Vetokhin, Savva"]
[Black "Derevshikov, Nikita"]
[Result "1-0"]
[WhiteElo "2383"]
[BlackElo "1697"]
[PlyCount "95"]
[EventDate "2022.05.01"]
[EventType "team-swiss"]
[EventRounds "9"]
[EventCountry "RUS"]
[SourceTitle "CBM 208 Extra"]
[Source "ChessBase"]
[SourceDate "2022.07.31"]
[SourceVersion "1"]
[SourceVersionDate "2022.07.31"]
[SourceQuality "1"]
[WhiteTeam "Moscow Russian ChSchool"]
[BlackTeam "Moscow ChessPSh"]
[WhiteTeamCountry "RUS"]
[BlackTeamCountry "RUS"]

1. e4 c5 2. Nf3 e6 3. d4 cxd4 4. Nxd4 a6 5. c4 Bb4+ 6. Nc3 Ne7 7. Be2 0-0 8. Nc2 Ba5 9. Bf4 Bxc3+ 10. bxc3 d5 11. exd5 exd5 12. Ne3 Be6 13. Qb3 Nbc6 14. Rd1 d4 15. 0-0 b5 16. Qb2 Ng6 17. Bg3 Qf6 18. cxd4 Rad8 19. Nc2 bxc4 20. Qc3 Rd7 21. Bxc4 h5 22. Bxe6 Qxe6 23. Rde1 Qf6 24. Be5 Ncxe5 25. dxe5 Qg5 26. Re4 Re8 27. f4 Qf5 28. Qe3 Rde7 29. Nd4 Qd7 30. Nf3 Qd5 31. Re1 Qxa2 32. Ng5 Qd5 33. Qf3 h4 34. Qh5 Qc5+ 35. Kh1 Qc8 36. e6 f6 37. Qh7+ Kf8 38. Qxg6 fxg5 39. fxg5 Kg8 40. Rxh4 Rxe6 41. Qh7+ Kf8 42. Rf4+ Ke7 43. Qxg7+ Kd6 44. Qd4+ Kc6 45. Rc1+ Kb7 46. Rf7+ R8e7 47. Rxe7+ Rxe7 48. Qb4+ 1-0

[Event "RUS-chT U14 final"]
[Site "Sochi"]
[Date "2019.05.10"]
[Round "9.3"]
[White "Shakhov, Dmitriy"]
[Black "Derevshikov, Nikita"]
[Result "1/2-1/2"]
[WhiteElo "1677"]
[BlackElo "1737"]
[PlyCount "82"]
[EventDate "2019.05.01"]
[EventType "team-tourn"]
[EventRounds "9"]
[EventCountry "RUS"]
[SourceTitle "CBM 190 Extra"]
[Source "ChessBase"]
[SourceDate "2019.07.15"]
[SourceVersion "1"]
[SourceVersionDate "2019.07.15"]
[SourceQuality "1"]

1. d4 Nf6 2. Nf3 g6 3. c4 Bg7 4. Nc3 0-0 5. g3 d6 6. Bg2 c6 7. 0-0 Bg4 8. b3 Bxf3 9. Bxf3 Nbd7 10. Bb2 Qc7 11. Qc2 Rad8 12. Rad1 e5 13. dxe5 dxe5 14. Ba3 Rfe8 15. Bd6 Qc8 16. Bg2 Nf8 17. c5 Nh5 18. Ne4 Ne6 19. e3 f5 20. g4 fxg4 21. Qc4 Kh8 22. b4 a6 23. a4 Nf6 24. Bxe5 Nxe4 25. Bxg7+ Kxg7 26. Qxe4 Nd4 27. Qb1 Nf3+ 28. Kh1 Ne5 29. Qb2 Qf5 30. b5 Kh6 31. bxc6 bxc6 32. Qe2 a5 33. Rd6 Rf8 34. Qd1 Rb8 35. Qe1 Kg7 36. Qa1 Kh6 37. Qe1 Kg7 38. Qa1 Kh6 39. Qe1 Kg7 40. Qa1 Kh6 41. Qc1 Kg7 1/2-1/2

[Event "RUS-chT U14 final"]
[Site "Sochi"]
[Date "2019.05.09"]
[Round "8.3"]
[White "Derevshikov, Nikita"]
[Black "Azimov, Timur"]
[Result "1-0"]
[WhiteElo "1737"]
[BlackElo "1535"]
[PlyCount "53"]
[EventDate "2019.05.01"]
[EventType "team-tourn"]
[EventRounds "9"]
[EventCountry "RUS"]
[SourceTitle "CBM 190 Extra"]
[Source "ChessBase"]
[SourceDate "2019.07.15"]
[SourceVersion "1"]
[SourceVersionDate "2019.07.15"]
[SourceQuality "1"]

1. b3 Nf6 2. Bb2 g6 3. e3 Bg7 4. c4 0-0 5. g3 d6 6. Bg2 Nc6 7. Nc3 Bf5 8. d3 Rb8 9. Nge2 Bg4 10. h3 Bd7 11. 0-0 Qc8 12. Kh2 h5 13. Qd2 Nh7 14. e4 e5 15. f4 h4 16. Nd5 Re8 17. g4 Nf6 18. f5 gxf5 19. gxf5 Qd8 20. Rg1 Nxd5 21. cxd5 Nd4 22. Nxd4 exd4 23. Bf3 Qf6 24. Qf2 Kh7 25. Rg4 Qe5+ 26. Kh1 Bf6 27. Rag1 1-0

[Event "Sochi Amateur op 6th"]
[Site "Sochi"]
[Date "2019.04.08"]
[Round "3"]
[White "Derevshikov, Nikita"]
[Black "Eramian, Gamlet"]
[Result "0-1"]
[WhiteElo "1754"]
[BlackElo "1987"]
[PlyCount "140"]
[EventDate "2019.04.07"]
[EventType "swiss"]
[EventRounds "9"]
[EventCountry "RUS"]
[SourceTitle "CBM 189 Extra"]
[Source "ChessBase"]
[SourceDate "2019.05.31"]
[SourceVersion "1"]
[SourceVersionDate "2019.05.31"]
[SourceQuality "1"]

1. e4 c5 2. Nf3 d6 3. Bb5+ Bd7 4. Bxd7+ Qxd7 5. 0-0 Nc6 6. c3 g6 7. d4 cxd4 8. cxd4 Bg7 9. Nc3 a6 10. Be3 b5 11. Rc1 Nf6 12. h3 0-0 13. a3 Rfb8 14. b4 Rb7 15. d5 Nd8 16. Nd4 Rc8 17. f3 e6 18. dxe6 Nxe6 19. Nxe6 Qxe6 20. Qd2 Rbc7 21. Nd5 Nxd5 22. exd5 Qf5 23. Rxc7 Rxc7 24. Bf4 Bc3 25. Qe3 Qxd5 26. Kh1 Be5 27. Bxe5 dxe5 28. Qb6 Rc6 29. Qb7 Kg7 30. Re1 h5 31. Qe7 Re6 32. Qg5 Qd4 33. Qc1 Qd6 34. Qc3 Kh7 35. Qc2 Qe7 36. Rd1 Rd6 37. Re1 Qf6 38. Qb2 Qh4 39. Rc1 Qg5 40. Rg1 Qe3 41. Qa2 Kg7 42. Qa1 Rd3 43. Qb2 Rxa3 44. Rd1 Qc3 45. Qe2 Ra1 46. Rxa1 Qxa1+ 47. Kh2 Qd4 48. Qe1 f5 49. Kh1 e4 50. fxe4 fxe4 51. Qc1 e3 52. Qc7+ Kf6 53. Qc6+ Kf5 54. Qf3+ Ke5 55. Qg3+ Kd5 56. Qf3+ Kc4 57. Qe2+ Kxb4 58. Qe1+ Ka4 59. Qb1 b4 60. Qa2+ Kb5 61. Qe2+ Kb6 62. Qa2 Qe5 63. Qc4 a5 64. Qe2 Qd4 65. Qa2 Qe4 66. Qe2 b3 67. Kg1 a4 68. Kh1 a3 69. Qd1 b2 70. Qb3+ Kc6 0-1